Курс физики: учебное пособие

Detalles Bibliográficos
Autor Principal: Трофимова Т. И. Таисия Ивановна
Idioma:ruso
Publicado: Москва, Высшая школа, 2001
Edición:7-е изд., стер.
Subjects:
Formato: Libro
KOHA link:https://koha.lib.tpu.ru/cgi-bin/koha/opac-detail.pl?biblionumber=27519

MARC

LEADER 00000nam0a2200000 4500
001 27519
005 20231101205811.0
010 |a 5060036340 
035 |a (RuTPU)RU\TPU\book\27770 
035 |a BOOK00027845 
090 |a 27519 
100 |a 20011209d2001 m y0rusy50 ca 
101 0 |a rus 
102 |a RU 
105 |a a j 001zy 
200 1 |a Курс физики  |e учебное пособие  |f Т. И. Трофимова 
205 |a 7-е изд., стер. 
210 |a Москва  |c Высшая школа  |d 2001 
215 |a 542 с.  |c ил. 
320 |a Предм. указ.: с. 524-536. 
451 1 |0 (RuTPU)RU\TPU\book\43134  |y 5-06-003634-0  |t Курс физики  |o учебное пособие  |f Т. И. Трофимова  |e 7-е изд., стер.  |c М.  |n Высшая школа  |d 2002  |p 542 с.  |a Трофимова, Таисия Ивановна 
451 1 |0 (RuTPU)RU\TPU\book\15227  |y 5-06-003634-0  |t Курс физики  |o учебное пособие  |f Т. И. Трофимова  |e 6-е изд., стер.  |c М.  |n Высшая школа  |d 2000  |p 542 с.  |a Трофимова, Таисия Ивановна 
606 1 |a Физика  |2 stltpush  |3 (RuTPU)RU\TPU\subj\63709  |9 80688 
610 1 |a учебные пособия 
610 1 |a механика 
610 1 |a оптика 
610 1 |a элементарные частицы 
675 |a 53(075.8)  |v 3 
700 1 |a Трофимова  |b Т. И.  |g Таисия Ивановна 
801 0 |a RU  |b 63413507  |c 20011209  |g PSBO 
801 2 |a RU  |b 63413507  |c 20200218  |g PSBO 
900 |a Физика 
942 |c BK